| 000 | 00000nam##2200000za#4500 |
| 001 | 9.700407 |
| 003 | CaOODSP |
| 005 | 20210625000823 |
| 007 | cr ||||||||||| |
| 008 | 150407|1997||||xxc|||||o f|0| 0 eng|d |
| 040 | |aCaOODSP|beng |
| 043 | |an-cn--- |
| 086 | 1 |aCP32-64/9-1997E-PDF |
| 110 | 1 |aCanada. |bCommission of Inquiry into the Deployment of Canadian Forces to Somalia. |
| 245 | 10|aLaw applicable to Canadian Forces in Somalia 1992-93 : |h[electronic resource]|ba study prepared for the Commission of Inquiry into the Deployment of Canadian Forces to Somalia / |c[by] James M. Simpson. |
| 260 | |aOttawa - Ontario : |bCommission of Inquiry into the Deployment of Canadian Forces to Somalia |cc1997. |
| 300 | |a96p. |
| 500 | |a[Digitized, 2014]. The catalogue number (CP32-64/9-1997E) and ISBN (0-660-17081-7) for the print edition have been copied in this electronic publication. |
| 590 | |a15-03-Supp|b2015-03-13 |
| 690 | 07|aArmed forces|2gcpds |
| 690 | 07|aMilitary law|2gcpds |
| 775 | 08|tDroit applicable aux Forces canadiennes en Somalie : |w(CaOODSP)9.644295 |
| 776 | 0#|tLaw applicable to Canadian Forces in Somalia, 1992-93 : |w(CaOODSP)9.646642 |
| 856 | 40|ahttp://publications.gc.ca|qPDF|s39.72 MB|uhttps://publications.gc.ca/collections/collection_2015/bcp-pco/CP32-64-9-1997-eng.pdf |